| 000 | 01061nam a2200277 a 4500 | ||
|---|---|---|---|
| 001 | 000017313 | ||
| 005 | 20240530073934.0 | ||
| 008 | 100322s1992 dr a 000 0 spa d | ||
| 040 |
_aDO-SdBNP _bspa _cBNPHU |
||
| 082 |
_aRD868.44 _bC744c, 1991 |
||
| 111 | 2 |
_aConcurso Literario de Cuento, Poesía y Ensayo _d(1991 : _cSantiago, República dominicana) _937968 |
|
| 245 | 1 | 0 |
_aConcurso literario de cuento, poesía y ensayo 1991 / _cintroducción Jhonny Guerrero. |
| 260 |
_aSantiago de los Caballeros : _bSociedad Cultural Alianza Cibaeña, _c1992. |
||
| 300 |
_a186 p. : _bil. ; _c20 cm. |
||
| 490 | 1 |
_aAlianza Cibaeña _v3 |
|
| 500 | _aIncluye datos biográficos de los autores premiados en las páginas 181-184 | ||
| 504 | _aBibliografía : p. 180 | ||
| 650 | 0 |
_aCuentos dominicanos _9176 |
|
| 650 | 0 |
_aPoesía dominicana _966 |
|
| 650 | 0 |
_aEnsayos dominicanos _965 |
|
| 650 | 0 |
_aLiteratura dominicana. _967 |
|
| 700 | 1 | 2 |
_aGuerrero, Jhonny _925311 |
| 830 | 0 |
_aAlianza Cibaeña _n3 _937969 |
|
| 910 | _aValidado. Control de calidad MFF | ||
| 049 | _aBNPD | ||
| 999 |
_c16838 _d16838 |
||